Szczegóły MARC21

Bezpieczna turystyka i rekreacja /

005 -DATA I CZAS OSTATNIEJ MODYFIKACJI [,]
    • @
    • pole kontrolne
    • 20110126121848.0
020 -Międzynarod. znormalizowany nr książki - ISBN [ , ]
    • a
    • Numer ISBN
    • 9788361414056 Find
040 -Instytucja sporządzająca opis [ , ]
    • a
    • Instytucja, która sporządziła opis (NP)
    • SZCZ U/BK
    • c
    • Instytucja, która sporządziła rekord (NP)
    • SZCZ U/KLR
    • d
    • Instytucja, która zmodyfikowała rekord (P)
    • SZCZ U/AP
041 -Język dokumentu [0, ]
    • a
    • Język tekstu (P)
    • polski
044 -Kraj miejsca wydania [ , ]
    • a
    • Kraj miejsca wydania
    • Polska
942 -Rodzaj dokumentu [ , ]
    • c
    • Rodzaj dokumentu
    • Książka
100 -Hasło główne - nazwa osobowa [1, ]
    • 9
    • KHW
    • 21101
    • a
    • Nazwa osobowa (NP)
    • Szymański, Karol
    • c
    • Dopowiedzenie inne niż daty biograficzne (P)
    • (turystyka).
245 -Strefa tytułu i oznaczenia odpowiedzialności [1,0]
    • a
    • Tytuł
    • Bezpieczna turystyka i rekreacja / Find
    • c
    • Pozostałe elementy strefy tytułu i oznaczenia odpowiedzialności (NP)
    • Karol Szymański ; Akademia Wychowania Fizycznego im. Eugeniusza Piaseckiego w Poznaniu.
260 -Strefa adresu wydawniczego [ , ]
    • a
    • Miejsce wydania (P)
    • Poznań :
    • b
    • Nazwa wydawcy (P)
    • Akademia Wychowania Fizycznego im. Eugeniusza Piaseckiego w Poznaniu
    • c
    • Data wydania (P)
    • 2008.
300 -Strefa opisu fizycznego [ , ]
    • a
    • Określenie formy książki i/lub objętość (NP)
    • 130 s. :
    • b
    • Oznaczenie ilustracji (NP)
    • il. ;
    • c
    • Format (NP)
    • 24 cm.
504 -Uwaga dot. bibliogr. załącznikowej [ , ]
    • a
    • Uwaga dot. bibliografii załącznikowej
    • Bibliogr.
080 -Uniwersalna Klasyfikacja Dziesiętna [ , ]
    • 2
    • Identyfikator wydania tablic
    • UDC-P058
    • 9
    • UKD
    • 3273
    • a
    • Symbol klasyfikacji
    • 338.482
    • b
    • Dopowiedzenie
    • Specjalne aspekty turystyki. Badania turystyki. Metodologia.
080 -Uniwersalna Klasyfikacja Dziesiętna [ , ]
    • 2
    • Identyfikator wydania tablic
    • UDC-P058
    • 9
    • UKD
    • 3808
    • a
    • Symbol klasyfikacji
    • 368.97
    • b
    • Dopowiedzenie
    • Ubezpieczenia od wypadków w podróży.
980 -Symbol UKD [ , ]
    • a
    • UKD
    • 338.482:368.97
710 -Hasło dodatkowe - nazwa ciała zbiorowego [2, ]
    • 9
    • KHW
    • 10842
    • a
    • Nazwa ciała zbiorowego lub nazwa geograficzna jako pierwszy element (NP)
    • Akademia Wychowania Fizycznego im. Eugeniusza Piaseckiego (Poznań).
920 -ISBN [ , ]
    • a
    • ISBN
    • 978-83-61414-05-6 Find
Numer inwentarzowy Lokalizacja Status udost. Sygnatura Data inwentaryzacji
WF.8783BM1Zdrowie w turystyce 032010-12-30